| 000 | 01075nam a22002655a 4500 | ||
|---|---|---|---|
| 003 | OSt | ||
| 005 | 20180124113136.0 | ||
| 008 | 180124s2016 ua frbe 000 0 ara d | ||
| 040 |
_aEG-ScBUE _bara _cEG-ScBUE |
||
| 043 | _af-ua--- | ||
| 082 | 0 | 4 |
_a345.6205 _bج م ي _222 |
| 100 | 1 | _aجميلي، هشام عبد الحميد. | |
| 245 | 1 | 2 |
_aالعملي في تسبيب الأحكام الجنائية وأعمال محاكم الجنايات ومحاكم الجنح / _cهشام عبد الحميد الجميلي. |
| 246 | 3 | _aتسبيب الأحكام الجنائية | |
| 260 |
_aالقاهرة : _bنادي القضاة، _c2016. |
||
| 300 |
_a1664 ص. ؛ _c24 سم. |
||
| 504 | _aيشتمل على إرجاعات ببليوجرافية. | ||
| 541 |
_aدكتور أحمد حمد ؛ _cإهداء ؛ |
||
| 610 | 1 | 7 |
_aمصر. _bمحكمة النقض. _940940 |
| 650 | 7 |
_aالأحكام الجنائية _zمصر. _2BUEsh |
|
| 650 | 7 |
_aالقانون الجنائي _zمصر. _2BUEsh _941146 |
|
| 651 | _2BUEsh | ||
| 653 |
_bLLAAWW _cJanuary2018 |
||
| 942 | _2ddc | ||
| 999 |
_c26009 _d25981 |
||